Literary criticism : (Record no. 52249)
[ view plain ]
| 000 -LEADER | |
|---|---|
| fixed length control field | 00533nam a2200181Ia 4500 |
| 005 - DATE AND TIME OF LATEST TRANSACTION | |
| control field | 20260429112059.0 |
| 008 - FIXED-LENGTH DATA ELEMENTS--GENERAL INFORMATION | |
| fixed length control field | 260429s9999||||xx |||||||||||||| ||und|| |
| 020 ## - INTERNATIONAL STANDARD BOOK NUMBER | |
| International Standard Book Number | 9788126935079 |
| 041 ## - LANGUAGE CODE | |
| Language | English |
| 082 ## - DEWEY DECIMAL CLASSIFICATION NUMBER | |
| Classification number | 809 |
| Item number | SHY |
| 100 ## - MAIN ENTRY--PERSONAL NAME | |
| Personal name | Shyamala, C. G. |
| 245 #0 - TITLE STATEMENT | |
| Title | Literary criticism : |
| Remainder of title | a comprehensive and simplified explication / |
| Statement of responsibility, etc | C. G. Shyamala |
| 250 ## - EDITION STATEMENT | |
| Edition statement | 1st ed. |
| 260 ## - PUBLICATION, DISTRIBUTION, ETC. (IMPRINT) | |
| Place of publication, distribution, etc | New Delhi : |
| Name of publisher, distributor, etc | Atlantic Publishers and Distributors, |
| Date of publication, distribution, etc | 2026. |
| 300 ## - PHYSICAL DESCRIPTION | |
| Extent | x, 378 p.; pbk |
| 650 ## - SUBJECT ADDED ENTRY--TOPICAL TERM | |
| Topical term or geographic name as entry element | Literary criticism |
| 942 ## - ADDED ENTRY ELEMENTS (KOHA) | |
| Koha item type | Text Books |
| Withdrawn status | Lost status | Damaged status | Not for loan | Collection code | Home library | Location | Shelving location | Date of Cataloging | Source of acquisition | Total Checkouts | Full call number | Barcode | Date last seen | Price effective from | Koha item type |
|---|---|---|---|---|---|---|---|---|---|---|---|---|---|---|---|
| Non-fiction | CUTN Central Library | CUTN Central Library | Literature | 29/04/2026 | Atlantic Publishers and Distributors, Chennai - Invoice No. 3013318 on 17-02-2026 | 809 SHY | 57325 | 29/04/2026 | 29/04/2026 | Text Books |
